| 000 | 00729nam a2200193 i 4500 | ||
|---|---|---|---|
| 001 | 84587 | ||
| 003 | ES-MaACL | ||
| 005 | 20250901212632.0 | ||
| 007 | t| | ||
| 008 | 041123s1956 sp ||||1| spa d | ||
| 100 | 1 |
_aJiménez de Gregorio, Fernando, _d1911-2012 _966505 |
|
| 245 | 1 | 0 |
_aNotas para una Geografía de la población murciana / _cpor Fernando Jiménez de Gregorio. |
| 260 |
_aMurcia : _b[s.n., _c1956] ( _fSucs. de Nogues) |
||
| 300 |
_a152 p. ; _c24 cm. |
||
| 500 | _aPrecede al tít.: Cámara Oficial de Comercio, Industria y Navegación de Murcia. | ||
| 710 | 2 |
_aCámara Oficial de Comercio, Industria y Navegación de Murcia _92368 |
|
| 852 |
_aES-MaACL _jC-12004 _bR.39494 |
||
| 999 |
_c84587 _d84587 |
||